| 000 | 00577nam a22002053a 4500 | ||
|---|---|---|---|
| 005 | 20210223124159.0 | ||
| 008 | 010612s1993 mx r 000 0 spa d | ||
| 020 | _a9681642171 | ||
| 035 | _aUPN01000108150 | ||
| 049 | _aCG | ||
| 050 | 4 |
_aF1409.6 _bC7.6 |
|
| 245 | 0 | 0 |
_aCronología iberoamericana : _b1803-1992 / _ccomp. Patricia Galeana. |
| 260 |
_aMéxico : _bFCE, _c1993. |
||
| 300 | _a269 p. | ||
| 440 | 0 | _aTierra firme | |
| 650 | 4 |
_aHISTORIA - _xCRONOLOGIA |
|
| 651 | 4 |
_aESPAÑA - _xHISTORIA - _xCRONOLOGIA _922344 |
|
| 700 | 1 |
_aGalena, Patricia, _ecomp. |
|
| 905 | _aLibro | ||
| 999 |
_c82062 _d82062 |
||